|
|
|
|
| LEADER |
00897nam a2200241 a 4500 |
| 001 |
1307331 |
| 008 |
090909s1972 nyua b 001 0 eng d |
| 010 |
|
|
|a 77174534
|
| 020 |
|
|
|a 060468122
|
| 040 |
|
|
|a DLC
|c DLC
|d DLC
|
| 082 |
0 |
0 |
|a 370.15/2
|2 17
|
| 100 |
1 |
|
|a Vargas, Julie S.
|
| 245 |
1 |
0 |
|a Writing worthwhile behavioral objectives
|c by Julie S. Vargas.
|
| 260 |
|
|
|a New York,
|b Harper & Row
|c 1972
|
| 300 |
|
|
|a x, 175 p.
|b illus.
|c 21 cm.
|
| 504 |
|
|
|a Includes Bibliographical references (p. 172.) and index.
|
| 541 |
1 |
|
|e 00005121
|
| 650 |
|
0 |
|a Learning, Psychology of.
|
| 650 |
|
0 |
|a Behaviorism (Psychology)
|
| 650 |
|
0 |
|a Curriculum planning.
|
| 852 |
4 |
|
|a Ayesha Abed Library
|j General shelf
|
| 999 |
|
|
|c 8378
|d 8378
|
| 952 |
|
|
|0 0
|1 0
|2 ddc
|4 0
|6 370_152000000000000_VAR_1972
|7 0
|9 9727
|a BRACUL
|b BRACUL
|c GEN
|d 2010-05-04
|g 0.00
|l 0
|o 370.152 VAR
|p 3010005121
|r 2010-05-04
|t 1
|w 2010-05-04
|y BK
|z Not price in Register
|